000 00314nam a22001337a 4500
008 171031b xxu||||| |||| 00| 0 eng d
020 _a2900136059171
041 _aeng
080 _25 ED
_a33
100 _a59
101 _aBUS
245 _aTHE LEGAL ENVIRONMENT OF BUSSINESS
_cKUBASEK.N.K
942 _2udc
_cBK
999 _c36868
_d36868